Language Quiz

Random Language or German Quiz

Commonest German Words Quiz Stats

 Plays Quiz Updated Apr 14, 2013

Score 0/100 Timer 12:00
2 Plays Today
Rank Word % Correct
74.ich
83.7%
8.das
79.9%
1.der
79.5%
2.die
78.9%
18.ein
75.6%
29.sie
74.4%
26.er
65.5%
22.es
64.1%
14.ist
62.7%
57.sei
58.8%
3.und
57.9%
72.wir
57.7%
5.den
57.7%
19.eine
55.5%
66.habe
55.2%
4.in
52.7%
55.sein
52.6%
7.zu
51.4%
16.dem
50.9%
38.wie
50.6%
51.bis
50%
12.auf
47.8%
90.was
46.9%
45.haben
46.6%
9.mit
46.1%
44.war
45.9%
77.zwei
45.5%
42.so
45.1%
23.an
44.5%
36.sind
43.5%
6.von
42.5%
30.nach
42.3%
17.nicht
41.2%
27.hat
41.2%
Rank Word % Correct
32.bei
40.8%
25.aus
40.7%
71.unter
40.2%
40.über
39.7%
34.um
38.9%
11.des
38.9%
41.einen
37.3%
15.im
37.1%
60.kann
36.9%
48.aber
36.9%
49.vor
34.5%
86.will
34.1%
33.einer
33.8%
54.man
33.5%
65.wenn
33%
39.einem
32.2%
47.oder
31%
20.als
31%
35.am
30.9%
43.zum
29.6%
63.können
28.8%
13.für
28.8%
28.dass
28.8%
75.eines
28%
96.muß
28%
24.werden
26.9%
82.keine
25.9%
50.zur
25.4%
73.soll
25%
70.dann
24.9%
69.ihre
24.8%
61.gegen
24.7%
79.diese
24.7%
95.seit
24.1%
Rank Word % Correct
21.auch
23.7%
53.durch
23.6%
59.hatte
23.1%
67.seine
22.8%
93.alle
21.5%
10.sich
21.5%
92.gibt
20.9%
31.wird
20.8%
37.noch
20.6%
62.vom
20.4%
99.doch
20.4%
91.sagte
19.9%
80.dieser
18%
46.nur
17%
64.schon
16.9%
56.wurde
16.3%
52.mehr
16.2%
100.jetzt
16.2%
88.immer
16.1%
76.Jahr
15.7%
87.zwischen
15.4%
83.Uhr
14.8%
94.diesem
14.1%
84.seiner
13.9%
81.wieder
13.7%
98.beim
13.5%
97.wurden
11%
68.Mark
10.5%
78.Jahren
10%
58.Prozent
8.3%
85.worden
8.3%
89.Millionen
8.2%

You're not logged in!

Compare scores with friends on all Sporcle quizzes.
OR
Log In

Sporcle TV

Today on Sporcle TV


Watch our educational content, quiz creation guides, and fun videos on Sporcle TV.

Show Comments

Extras

Top Quizzes Today


Score Distribution

Your Account Isn't Verified!

In order to create a playlist on Sporcle, you need to verify the email address you used during registration. Go to your Sporcle Settings to finish the process.

Report this User

Report this user for behavior that violates our Community Guidelines.

Details: